Central Library OPAC University of Rajshahi

Modern electrochemistry : (Record no. 64743)

MARC details
000 -LEADER
fixed length control field 00836nam a2200265 a 4500
001 - CONTROL NUMBER
control field 64743
003 - CONTROL NUMBER IDENTIFIER
rucl marc code BD-RjUL
005 - DATE AND TIME OF LATEST TRANSACTION
control field 20211209081338.0
008 - FIXED-LENGTH DATA ELEMENTS--GENERAL INFORMATION
fixed length control field 170220s19771970nyua 001 0 eng
020 ## - INTERNATIONAL STANDARD BOOK NUMBER
International Standard Book Number 0306370360
International Standard Book Number 0306250012 (v-1)
035 ## - SYSTEM CONTROL NUMBER
System control number (BD-RjUL)64873
040 ## - CATALOGING SOURCE
Original cataloging agency NLM
Transcribing agency NLM
Modifying agency m.c
-- BD-RjUL
Language of cataloging eng
041 ## - LANGUAGE CODE
Language code of text/sound track or separate title eng
082 ## - DEWEY DECIMAL CLASSIFICATION NUMBER
Edition number 23
Classification number 541.37
Author mark and year BOM 1977
100 1# - MAIN ENTRY--PERSONAL NAME
Personal name Bockris, J. O'M.
Fuller form of name (John O'M.),
Dates associated with a name 1923-
9 (RLIN) 174876
245 10 - TITLE STATEMENT
Title Modern electrochemistry :
Remainder of title an introduction to an interdisciplinary area /
Statement of responsibility, etc. John O'M. Bockris and Amulya K.N. Reddy.
260 ## - PUBLICATION, DISTRIBUTION, ETC. (IMPRINT)
Place of publication, distribution, etc. New York :
Name of publisher, distributor, etc. Plenum,
Date of publication, distribution, etc. c1970 [printing 1977].
300 ## - PHYSICAL DESCRIPTION
Pagination 2 v. :
Illustrations ill. ;
Size 23 cm.
500 ## - GENERAL NOTE
General note Includes index.
505 0# - FORMATTED CONTENTS NOTE
Formatted contents note Vol. 1-- v. 2--
650 #0 - SUBJECT ADDED ENTRY--TOPICAL TERM
Topical term or geographic name as entry element Electrochemistry.
9 (RLIN) 191941
700 1# - ADDED ENTRY--PERSONAL NAME
Personal name Reddy, Amulya K. N.
942 ## - ADDED ENTRY ELEMENTS (KOHA)
Source of classification or shelving scheme Dewey Decimal Classification
Koha item type Books
Holdings
Lost status Source of classification or shelving scheme Damaged status Not for loan Collection code Permanent Location Current Location Shelving location Date acquired Source of acquisition Cost, normal purchase price Total Checkouts Full call number Date last seen Copy number Koha item type
  Dewey Decimal Classification   Not For Loan Non-fiction Central Library, University of Rajshahi Central Library, University of Rajshahi Reading Room 12/11/1980 Heffers 15.75   541.37 BOM V-1 1977 20/02/2017 C-1 Books
  Dewey Decimal Classification   Not For Loan Non-fiction Central Library, University of Rajshahi Central Library, University of Rajshahi Reading Room 12/11/1980 W. Heffer and sons 15.75   541.37 BOM V-2 1977 19/04/2017 C-1 Books
  Dewey Decimal Classification     Non-fiction Central Library, University of Rajshahi Central Library, University of Rajshahi   12/11/1980 W. Heffer and sons 15.75   541.37 BOM V-1 1977 07/05/2017 C-2 Books
  Dewey Decimal Classification     Non-fiction Central Library, University of Rajshahi Central Library, University of Rajshahi   12/04/1982 Heffers 16.60   541.37 BOM V-1 1977 25/05/2017 C-3 Books
  Dewey Decimal Classification     Non-fiction Central Library, University of Rajshahi Central Library, University of Rajshahi   12/04/1982 Heffers 6.60   541.37 BOM 1977 V-2 24/12/2018 C-2 Books